000 00570nam a2200205Ia 4500
005 20230329090109.0
008 140110s9999 xx 000 0 und d
020 _a9788172939557
_cRs.250.00
040 _aLoreto College
041 _aEnglish
082 _a891.444
_bCHA
100 _aChattopadhyay,Sunitikumar
245 _aNirbachita rachana sankalan
_cSunitikumar Chattapadhyay
260 _aKolkata
_bMitra and Ghosh Publishers Pvt.Ltd
_c2007
300 _a283p.
650 _aBengali-literature
651 _aBengali-essays
850 _aLCLIB
942 _cBK
999 _c36463
_d86942